000 nam a22 7a 4500
999 _c27910
_d27910
008 170211b xxu||||| |||| 00| 0 eng d
020 _a9781259191572
050 _aGV 481 .F34 2013
100 _aFahey, Thomas D.
_d2013.
245 _aFit and well:
_bCore concepts and labs in physical fitness and wellness/
_cThomas D. Fahey, Paul M. Insel, Walton T. Roth.
250 _a10th ed.
260 _aUSA:
_bMc Graw hill,
_c2013.
300 _axix, 359, [20]p.:
_bill.;
_c28cm.
521 _aIncludes bibliographical references and index.
650 _aPhysical fitness.
700 _aInsel, Paul M.
700 _aRoth, Walton T.
942 _2lcc
_cBOOKS
_hGV 481 .F34 2013